| 000 | 01348nam0a2200325 4500 | ||
|---|---|---|---|
| 001 | RU\NLR\bibl\1841639 | ||
| 005 | 20260406071344.0 | ||
| 010 |
_a978-5-399-00314-6 _910000 |
||
| 021 |
_aRU _b2011-88475 _96314 |
||
| 035 | _a(NLR Aleph) 001832097 | ||
| 090 |
_a2153275 _c2153275 |
||
| 100 | _a20111130d2011 |||y0rusy50 ca | ||
| 101 | 1 |
_arus _ceng |
|
| 102 | _aRU | ||
| 105 | _aa ||||||||| | ||
| 200 | 1 |
_aТайные письма монаха, который продал свой "феррари" _fРобин Шарма _g[пер. с англ. О. Цветковой] |
|
| 210 |
_aМосква _cСофия _d2011 |
||
| 215 |
_a254, [1] с. _cил. _d20 |
||
| 300 | _aЗагл. и авт. ориг.: The secret letters of the Monk who sold his Ferrari / Robin Sharma | ||
| 454 | 0 |
_12001#$aThe secret letters of the Monk who sold his Ferrari _1700#1$3RU\NLR\auth\7782527$7ba$aSharma$bR. S.$gRobin S.$4070 _tThe secret letters of the Monk who sold his Ferrari _aSharma, Robin S. |
|
| 606 | 1 |
_aДуховные практики _92140377 _3RU\NLR\auth\661290122 |
|
| 686 | _aЮ969 | ||
| 686 | _aЮ937.231 | ||
| 700 | 1 |
_4070 _8rus _7ca _aШарма _bР. С. _f1965- _gРобин С. _3RU\NLR\auth\7727943 _910974 |
|
| 801 | 0 |
_aRU _bNLR _c20111130 _gRCR |
|
| 801 | 1 |
_aRU _bNLR _c20111130 |
|
| 942 | _cBOOK | ||
| 980 | _aNB | ||
| 980 | _aNBR | ||